Historia social de la locura
में बचाया:
| मुख्य लेखक: | |
|---|---|
| स्वरूप: | पुस्तक |
| भाषा: | स्पेनिश |
| प्रकाशित: |
Barcelona
Crítica
1989
|
| श्रृंखला: | Serie General los Hombres, 204
|
| विषय: | |
| टैग: |
टैग जोड़ें
कोई टैग नहीं, इस रिकॉर्ड को टैग करने वाले पहले व्यक्ति बनें!
|
MARC
| LEADER | 00000nam a2200000 a 4500 | ||
|---|---|---|---|
| 001 | UCX5620 | ||
| 003 | CL-VaPUC | ||
| 008 | 921202e19890000SP |||||||||||||||||spa|d | ||
| 082 | 0 | 4 | |a 801.91 |b POR |2 21 |
| 100 | 0 | |a Porter, Roy |e author |9 321947 | |
| 245 | 1 | 0 | |a Historia social de la locura |
| 300 | |a 345 p | ||
| 942 | |c BK | ||
| 945 | |d 19921202 00:00:00 | ||
| 260 | |a Barcelona |b Crítica |c 1989 | ||
| 650 | 0 | |a Sociología de la literatura |9 321948 | |
| 650 | 7 | |a LOCURA ASPECTOS LITERARIOS |2 CL-VaPUC |9 321949 | |
| 583 | |a last modification |c 19921202 00:00:00 |k Rodrigo Vera | ||
| 490 | 0 | |a Serie General los Hombres, 204 | |
| 999 | |c 225831 |d 225829 | ||
| 952 | |0 0 |1 0 |4 0 |6 801_910000000000000_POR_1989 |7 0 |8 A |9 223694 |a FDOPOS |b FDOPOS |d 2019-11-15 |i 2925273 |o 801.91 POR 1989 |p 2925273 |r 2025-01-22 |w 2019-11-15 |y BK |k MLH | ||